| 000 | 00527nam a2200193Ia 4500 | ||
|---|---|---|---|
| 999 |
_c8894 _d8894 |
||
| 020 | _a9783319388205 | ||
| 082 | _a340.11 DEM- | ||
| 245 | 0 | _aDemanding justice in the global South: claiming rights | |
| 260 |
_aCham _bPalgrave Macmillan _c2017 |
||
| 300 | _axv, 210p | ||
| 440 | _aDevelopment, justice and citizenship | ||
| 504 | _aincludes index | ||
| 650 |
_aHuman rights _vlegal aspects |
||
| 650 | _aSocial justice | ||
| 650 | _aJustice | ||
| 650 | _aEmployee rights | ||
| 700 | _aJean Grugel...[et al.] | ||
| 942 | _cBK | ||